| 000 -LEADER |
| fixed length control field |
00371nam a22001337a 4500 |
| 020 ## - INTERNATIONAL STANDARD BOOK NUMBER |
| ISBN |
984-713-044-2 |
| 082 ## - DEWEY DECIMAL CLASSIFICATION NUMBER |
| Classification number |
954.9 |
| Item number |
WAH |
| 100 ## - MAIN ENTRY--AUTHOR NAME |
| Personal name |
Abdul Wahab |
| 245 ## - TITLE STATEMENT |
| Title |
Mukti Bahini Wins Victory |
| Remainder of title |
Military Oligarchy Divides Pakistan in 1971 |
| 260 ## - PUBLICATION, DISTRIBUTION, ETC. (IMPRINT) |
| Place of publication |
Dhaka |
| Name of publisher |
Columbia Prokashni |
| Year of publication |
2005 |
| 300 ## - PHYSICAL DESCRIPTION |
| Number of Pages |
404 pages |
| 650 ## - SUBJECT ADDED ENTRY--TOPICAL TERM |
| Topical Term |
Pakistan, Bangladesh, Divide, 1971 |
| 942 ## - ADDED ENTRY ELEMENTS (KOHA) |
| Koha item type |
Books |